000 00389nam a2200157Ia 4500
008 230917s9999||||xx |||||||||||||| ||und||
020 _cDFL375
040 _e21391
_aMAIN
041 _aEnglish
082 _a514 M827T
100 _aMorita, Kirti Nagita Jun-iti
245 0 _aTopics in general topology
260 _aAmsterdam
_bNorth-Holland
_c1989
300 _ax, 747 p.
942 _cBK
999 _c69553
_d69553